[Event "49th WJun"]
[Site "Chotowa POL"]
[Date "2010.08.03"]
[Round "1"]
[White "Durarbeyli,V"]
[Black "Sagar,S"]
[Result "1-0"]
[WhiteElo "2501"]
[BlackElo "2285"]

1.e4 d6 2.d4 Nf6 3.Nc3 c6 4.Bg5 Nbd7 5.f4 Qb6 6.Rb1 e5 7.Nf3 Be7 8.Qd2 h6
9.Bh4 exf4 10.Bc4 g5 11.Bf2 Qc7 12.a4 g4 13.Nh4 d5 14.exd5 Nb6 15.Bd3 Nbxd5
16.O-O Rg8 17.Rbe1 Rg5 18.Nxd5 cxd5 19.Kh1 Kf8 20.Bg1 Bd6 21.g3 Rh5 22.Re5 Bxe5
23.dxe5 Ne4 24.Qxf4 Be6 25.c4 Kg8 26.cxd5 Bxd5 27.Bxe4 Qxe5 28.Bxd5 Qxf4
29.Rxf4 Rxd5 30.Rxg4+ Kh7 31.Bd4 Rg8 32.Rf4 Rd7 33.Bxa7 Rc8 34.Nf3 Rc1+ 35.Ng1 b5
36.Be3 Rc2 37.axb5 Rxb2 38.b6 Kg6 39.Rf2 Rb1 40.Kg2 Rd3 41.Re2 Rbb3 42.Bf2 Rb1
43.Nf3 Rdb3 44.Nd2 R3b2 45.Nxb1 Rxe2 46.Na3 Rb2 47.Nc4 Rb4 48.Na5  1-0

[Event "Politiken Cup"]
[Site "Copenhagen DEN"]
[Date "2010.08.03"]
[Round "5"]
[White "Jacobsen,Heidrikur"]
[Black "Torner Planell,Jos"]
[Result "0-1"]
[WhiteElo "1993"]
[BlackElo "2034"]

1.e4 d6 2.d4 Nf6 3.Nc3 Nbd7 4.Be3 e5 5.d5 Be7 6.Bd3 c6 7.Qd2 Ng4 8.Nge2 Nxe3
9.Qxe3 O-O 10.O-O Nf6 11.h3 cxd5 12.Nxd5 Nxd5 13.exd5 f5 14.f4 Bf6 15.Rab1 Bd7
16.c4 a5 17.fxe5 Bxe5 18.g3 Qf6 19.Kg2 g5 20.Bxf5 Bxf5 21.g4 Bf4 22.Nxf4 Bxb1  0-1

[Event "28th WJun Girls"]
[Site "Chotowa POL"]
[Date "2010.08.05"]
[Round "3"]
[White "Skrzypczak,A"]
[Black "Tsirulnik,Mari"]
[Result "0-1"]
[WhiteElo "2028"]
[BlackElo "2153"]

1.e4 d6 2.d4 Nf6 3.Nc3 c6 4.f4 Qa5 5.Bd3 Qd8 6.Bf1 Qa5 7.Bd3 e5 8.Nf3 Nbd7
9.O-O Be7 10.Kh1 O-O 11.dxe5 dxe5 12.f5 Qc7 13.h3 Nc5 14.Qe2 Nh5 15.Qf2 Rd8
16.g4 Nxd3 17.cxd3 Nf6 18.Rd1 b6 19.Be3 Bb4 20.Bg5 Qe7 21.Bh4 h6 22.Qg3 Ba6
23.Ne1 Qd6 24.Bxf6 Qxf6 25.h4 Be7 26.Nf3 Rxd3 27.Rxd3 Bxd3 28.g5 hxg5 29.hxg5 Qd6
30.f6 Bf8 31.Rd1 Rd8 32.Nxe5 Bxe4+ 33.Kh2 Bd5 34.g6 Qxe5 35.gxf7+ Kxf7 36.Qxe5 Bd6
37.Qxd6 Rxd6 38.fxg7 Kxg7 39.Kg3 Kf7 40.Kf4 Rf6+ 41.Ke5 Re6+ 42.Kf4 Rf6+
43.Ke5 Be6 44.Rh1 Ke7 45.Rh7+ Rf7 46.Rxf7+ Bxf7 47.a3 Bb3 48.Ne4 a5 49.Nf6 a4
50.Ne4 Kd7 51.Nf6+ Kc7 52.Ne8+ Kd7 53.Nf6+ Ke7 54.Ne4 Kd7 55.Nf6+ Kc7 56.Ne8+ Kd7
57.Nf6+ Ke7 58.Ne4 Bc2 59.Nf6 Bd1 60.Ne4 c5 61.Nc3 Bb3 62.Ne4 Kd7 63.Nd6 Kc6
64.Nc8 Bc4 65.Ne7+ Kd7 66.Nf5 Bd3 67.Nd6 Kc6 68.Nc8 Bf1 69.Nd6 Bh3 70.Ne4 Bg4
71.Nc3 b5 72.Kf4 Be6 73.Ke5 Bb3 74.Ne2 Bc2 75.Nc3 Bd3 76.Na2 Bb1 77.Nc3 Bc2
78.Na2 Bb3 79.Nc3 b4 80.Ne2 Kb5 81.Nc1 Kc4 82.Ke4 bxa3 83.bxa3 Bc2+ 84.Ke3 Kc3
85.Ne2+ Kb2 86.Kd2 Bg6 87.Nc1 c4 88.Ne2 Bh5 89.Nc3 Kxa3 90.Nd5 Kb2 91.Nc3 a3
92.Na4+ Kb3 93.Nc5+ Kb4 94.Na6+ Ka5  0-1

[Event "28th WJun Girls"]
[Site "Chotowa POL"]
[Date "2010.08.05"]
[Round "3"]
[White "Pratyusha,B"]
[Black "Bhakti,K"]
[Result "0-1"]
[WhiteElo "2073"]
[BlackElo "2249"]

1.e4 d6 2.d4 Nf6 3.Nc3 e5 4.Nf3 exd4 5.Nxd4 Be7 6.Bd3 O-O 7.O-O Nbd7 8.f3 Re8
9.Nf5 Bf8 10.Bg5 c6 11.Kh1 Nc5 12.Ng3 h6 13.Bf4 d5 14.a3 g5 15.Bc1 Bg7 16.Rb1 dxe4
17.Bxe4 Nfxe4 18.Ncxe4 Nxe4 19.Nxe4 Qxd1 20.Rxd1 Bf5 21.Re1 Rad8 22.c3 Bxe4
23.fxe4 Rxe4 24.Be3 b6 25.g3 Rd3 26.Bf2 Rxe1+ 27.Bxe1 f5 28.Kg2 Bf8 29.Bf2 Rd2
30.Kf1 Kf7 31.Ke1 Rc2 32.Rd1  0-1

[Event "Politiken Cup"]
[Site "Copenhagen DEN"]
[Date "2010.08.05"]
[Round "7"]
[White "Aabling Thomsen,J"]
[Black "Krasenkow,M"]
[Result "1-0"]
[WhiteElo "2314"]
[BlackElo "2628"]

1.e4 d6 2.d4 Nf6 3.Nc3 c6 4.Nf3 Bg4 5.h3 Bxf3 6.Qxf3 e5 7.Be3 Qa5 8.O-O-O Be7
9.g4 O-O 10.Kb1 b5 11.Ne2 Nbd7 12.Ng3 exd4 13.Bxd4 Ne5 14.Qe3 Rfd8 15.b3 c5
16.Bb2 Nc6 17.Nf5 Ne8 18.Bg2 Bf8 19.e5 Nxe5 20.f4 Ng6 21.Bxa8 Rxa8 22.h4 Qd8
23.Rde1 d5 24.h5 d4 25.Qxe8 Qxe8 26.Rxe8 Rxe8 27.hxg6 fxg6 28.Ng3 Bd6 29.Bc1 c4
30.Rd1 Bc5 31.Bd2 c3 32.Bc1 h6 33.a3 a5 34.b4 axb4 35.axb4 Bb6 36.Ka2 Kf7
37.Kb3 Re7 38.Rf1 Ke8 39.Rd1 Ba7 40.Rf1 Kd7 41.Nh1 Bb8 42.Nf2 Bd6 43.Nd3 Re2
44.f5 g5 45.f6 gxf6 46.Rxf6 Rh2 47.Nc5+ Bxc5 48.bxc5 Rh1 49.Ba3 Kc7 50.Rd6 Rb1+
51.Ka2 Rd1 52.Bb4  1-0

[Event "Politiken Cup"]
[Site "Copenhagen DEN"]
[Date "2010.08.05"]
[Round "7"]
[White "Rasmussen,O"]
[Black "Torner Planell,Jor"]
[Result "1/2-1/2"]
[WhiteElo "1746"]
[BlackElo "1978"]

1.e4 d6 2.d4 Nf6 3.Nc3 Nbd7 4.Nf3 e5 5.dxe5 Nxe5 6.Nxe5 dxe5 7.Qxd8+ Kxd8
8.Bg5 c6 9.O-O-O+ Kc7 10.Bc4 Be6 11.Bxe6 fxe6 12.f3 Bc5 13.Rd3 h6 14.Be3 Be7
15.Rhd1 b6 16.f4 Rad8 17.h3 Rxd3 18.Rxd3 Bd6 19.fxe5 Bxe5 20.Bd4 Bxd4 21.Rxd4 Nd7
22.Kd1 Rf8 23.Ke2 Ne5 24.Rd1 a6 25.b3 c5 26.Ke3 h5 27.Ne2 g6 28.Nf4 Rf6 29.Nd3 Nc6
30.Rd2 e5 31.c3 Rf1 32.Rf2 Rxf2 33.Kxf2 Kd6 34.Kf3 Nd8 35.g4 hxg4+ 36.Kxg4 Ne6
37.h4 b5 38.Ne1 c4 39.b4 Ke7 40.Ng2 Kf7 41.Ne3 Nf4 42.Kf3 Ke6 43.Kg4 Ne2
44.Nd5 Nc1 45.a3 Kf7 46.Kf3 Kg7 47.Ke3 Kh6  1/2-1/2

[Event "IM1 Winsoft Company Cup"]
[Site "Olomouc CZE"]
[Date "2010.08.05"]
[Round "2"]
[White "Mikhailov,Vi"]
[Black "Aharon,O"]
[Result "0-1"]
[WhiteElo "2139"]
[BlackElo "2199"]

1.e4 d6 2.d4 Nf6 3.Nc3 Nbd7 4.Be3 e5 5.f3 c6 6.Qd2 b5 7.d5 cxd5 8.Nxd5 Nxd5
9.Qxd5 Rb8 10.O-O-O a6 11.Ne2 Nb6 12.Bxb6 Qxb6 13.Kb1 Be6 14.Qd2 b4 15.Nc1 Be7
16.Bd3 O-O 17.Qe2 Rfc8 18.Rhf1 a5 19.g3 a4 20.Qf2 Qc6 21.Qd2 Bd8 22.Ne2 Bb6
23.Ba6 Rd8 24.Qd3 Bc7 25.b3 d5 26.Nc1 dxe4 27.Qe2 exf3 28.Rxd8+ Bxd8 29.Rxf3 Bg4  0-1

[Event "GM"]
[Site "Stara Pazova SRB"]
[Date "2010.08.05"]
[Round "6"]
[White "Skoko,Mil"]
[Black "Indjic,A"]
[Result "0-1"]
[WhiteElo "2209"]
[BlackElo "2148"]

1.e4 d6 2.d4 Nf6 3.Nc3 e5 4.Nf3 Nbd7 5.g4 Nxg4 6.Rg1 Ngf6 7.Bc4 h6 8.Be3 c6
9.Qd3 b5 10.Bb3 Qa5 11.d5 cxd5 12.Qxb5 Qxb5 13.Nxb5 d4 14.Bd2 Rb8 15.Nc7+ Kd8
16.Ba5 Ke7 17.Nd5+ Nxd5 18.Bxd5 Nf6 19.Bb3 Bb7 20.O-O-O Bxe4 21.Nd2 Rb5 22.Nc4 Bd5
23.Bd2 Rc5 24.Na3 Bxb3 25.axb3 Ne4 26.Bb4 Nxf2 27.Bxc5 Nxd1 28.Bxd4 exd4
29.Rxd1 g5 30.Rxd4 Bg7 31.Ra4 Ra8 32.Nc4 Ke6 33.h3 h5 34.c3 f5 35.Kd2 g4
36.Ke2 Be5 37.hxg4 hxg4 38.b4 f4 39.b5 Rb8 40.Ra5 Rb7 41.Nd2 Rh7 42.c4 Bxb2
43.Ra6 Bd4 44.Kd3 Bb6 45.Ne4 Rg7 46.c5 dxc5 47.Nxc5+ Ke5 48.Na4 Rd7+ 49.Ke2 f3+
50.Ke1 f2+ 51.Ke2 Rd1  0-1

[Event "Politiken Cup"]
[Site "Copenhagen DEN"]
[Date "2010.08.06"]
[Round "8"]
[White "Rasmussen,He2"]
[Black "Zachariassen,J"]
[Result "1/2-1/2"]
[WhiteElo "1867"]
[BlackElo "1970"]

1.e4 d6 2.d4 Nf6 3.Nc3 Nbd7 4.Nf3 e5 5.Bc4 Be7 6.dxe5 dxe5 7.O-O O-O 8.a3 c6
9.Bg5 Qc7 10.Qe2 Nc5 11.Rfd1 Bg4 12.h3 Bh5 13.Qe3 Ncd7 14.g4 Bc5 15.Qe2 Bg6
16.Nh4 Kh8 17.Nf5 Rfe8 18.Be3 Bf8 19.b4 b5 20.Bd3 a5 21.Rab1 axb4 22.axb4 Ra3
23.Qe1 Rea8 24.Ne2 Nb6 25.Rb3 R3a4 26.Bxb6 Qxb6 27.c3 Ne8 28.Nh4 Nc7 29.Nxg6+ hxg6
30.Rbb1 Qa7 31.Nc1 Ne6 32.Nb3 Nf4 33.Bf1 c5 34.bxc5 Bxc5 35.Nxc5 Qxc5 36.Rxb5 Qe7
37.Qe3 Rc8 38.Rdb1 Ra7 39.Rb8 Rc7 40.Rxc8+ Rxc8 41.c4 Ne6 42.Qg3 Nf4 43.Qb3 Ne6
44.Qg3 Nc5 45.Rb5 Qd6 46.Qe3 Kg8 47.h4 Qe7 48.Qg3 f6 49.Qe3 Ne6 50.Ra5 Nd4
51.c5 f5 52.gxf5 gxf5 53.exf5 Rf8 54.Bc4+ Kh8 55.Ra6 Rxf5 56.Ra8+ Rf8 57.Rxf8+ Qxf8
58.Be2 Qf6 59.Qe4 g6 60.Qg4 Kg7 61.Qd7+ Kh6 62.Qg4 Qe7 63.Qg5+ Qxg5+ 64.hxg5+ Kxg5
65.Bd1 Kf4 66.Kg2 e4 67.Ba4 g5 68.c6 Ne6 69.Bb3 Nc7 70.Bd1 Ke5 71.Kg3 Kd6
72.Bc2 Kxc6 73.Bxe4+ Kd6 74.Kg4 Ke5 75.Kxg5  1/2-1/2

[Event "Politiken Cup"]
[Site "Copenhagen DEN"]
[Date "2010.08.06"]
[Round "8"]
[White "Landa,K"]
[Black "Eljanov,P"]
[Result "1/2-1/2"]
[WhiteElo "2598"]
[BlackElo "2755"]

1.e4 d6 2.d4 Nf6 3.Nc3 e5 4.dxe5 dxe5 5.Qxd8+ Kxd8 6.Bc4 Ke8 7.Nf3 Bd6 8.Bg5 Nbd7
9.O-O-O a6 10.a4 h6 11.Bh4 b6 12.Rhe1 Rb8 13.Kb1 Bb7 14.Ba2 Ba8 15.Bc4 Bb7
16.Ba2 Ba8 17.Bc4  1/2-1/2

[Event "Politiken Cup"]
[Site "Copenhagen DEN"]
[Date "2010.08.06"]
[Round "8"]
[White "Andersen,Har"]
[Black "Hansen,ReR"]
[Result "1-0"]
[WhiteElo "1871"]
[BlackElo "2028"]

1.e4 d6 2.d4 Nf6 3.Nc3 e5 4.dxe5 dxe5 5.Qxd8+ Kxd8 6.Bg5 Be6 7.O-O-O+ Nd7
8.Nf3 Kc8 9.a3 c6 10.h3 b5 11.Bh4 Nh5 12.g4 Nf4 13.Bg3 Ng6 14.Ng5 Bc5 15.Rd2 Re8
16.Nxe6 Rxe6 17.h4 Re7 18.Bg2 Ngf8 19.Rhd1 Ne6 20.Ne2 a5 21.g5 Ra7 22.Kb1 a4
23.Rd3 Rb7 24.f4 exf4 25.Nxf4 b4 26.axb4 Bxb4 27.Nxe6 fxe6 28.h5 Re8 29.e5 Rc7
30.Bxc6 Rxc6 31.Rxd7 Re7 32.Rd8+ Kc7 33.R8d4 Rb6 34.Ka2 Kc6 35.c3 Bc5 36.Rc4 Kb5
37.Rxc5+ Kxc5 38.Bf2+ Kb5 39.Bxb6 Kxb6 40.g6 hxg6 41.hxg6 Kc5 42.Ka3 Rb7
43.Rd6 Rb3+ 44.Ka2 Rb5 45.Rxe6 Kd5 46.Re7 Ra5 47.Rxg7 Kxe5 48.Rb7 Kf6 49.g7 Rg5
50.Ka3 Rg4 51.c4 Ke6 52.Kb4 Kd6 53.Kb5 Rg5+ 54.Kb6 Rg2 55.Ka5 Kc6 56.Rf7 Rg4
57.Kxa4 Rxc4+ 58.b4 Rg4 59.Ka5 Rg1 60.b5+ Kc5 61.Rc7+ Kd6 62.b6 Ra1+ 63.Kb5 Ra8
64.b7 Ra1 65.g8=Q Rb1+ 66.Kc4  1-0

[Event "19th Open"]
[Site "Kavala GRE"]
[Date "2010.08.06"]
[Round "8"]
[White "Vorobiov,E"]
[Black "Khismatullin,D"]
[Result "0-1"]
[WhiteElo "2592"]
[BlackElo "2667"]

1.e4 d6 2.d4 Nf6 3.Nc3 e5 4.Nf3 Nbd7 5.Bc4 Be7 6.O-O O-O 7.a4 c6 8.Re1 exd4
9.Nxd4 Ne5 10.Ba2 Re8 11.h3 Bd7 12.Bf4 Qa5 13.Bb3 Bd8 14.Bd2 Qc5 15.Nf3 Be6
16.Be3 Nxf3+ 17.Qxf3 Qb4 18.Bxe6 Rxe6 19.Bd2 Ba5 20.Qd3 Rae8 21.Re2 Qb6 22.Rb1 Nd7
23.b3 Ne5 24.Qe3 Qd8 25.Qf4 Rg6 26.Kh1 Ree6 27.Qh2 Qh4 28.f4 Nf3 29.gxf3 Rg3
30.f5 Re8 31.Rg1 Rxh3 32.Bg5 Qh5 33.Rg3 Rxh2+ 34.Rxh2 Qxh2+ 35.Kxh2 Bxc3
36.f4 Bb2 37.Rd3 f6 38.Bh4 Rxe4 39.Rxd6 Rxf4  0-1

[Event "IM2 Ceska pojistovna Cup"]
[Site "Olomouc CZE"]
[Date "2010.08.06"]
[Round "3"]
[White "Gasik,An"]
[Black "Klima,L"]
[Result "1/2-1/2"]
[WhiteElo "2168"]
[BlackElo "2392"]

1.e4 d6 2.d4 Nf6 3.Nc3 e5 4.Nf3 Nbd7 5.g3 Be7 6.Bg2 c6 7.a4 a5 8.O-O O-O
9.b3 Qc7 10.Bb2 Re8 11.h3 Bf8 12.Qd2 g6 13.Rad1 Bg7 14.Kh2 Qb6 15.Ba3 exd4
16.Nxd4 Nc5 17.Rfe1 Be6 18.f4 Rad8 19.Nxe6 fxe6 20.Qe3 Bf8 21.Bxc5 dxc5 22.e5 Nd5
23.Qf3 Nxc3 24.Qxc3 Rd4  1/2-1/2

[Event "Open"]
[Site "Olomouc CZE"]
[Date "2010.08.06"]
[Round "3"]
[White "Gagliardi,Ch"]
[Black "Krapivin,Vl"]
[Result "1/2-1/2"]
[WhiteElo "2200"]
[BlackElo "2362"]

1.e4 d6 2.d4 Nf6 3.Nc3 e5 4.Nf3 Nbd7 5.Bc4 Be7 6.O-O O-O 7.Re1 c6 8.a4 a5
9.h3 Nb6 10.Ba2 Nfd7 11.Be3 exd4 12.Qxd4 Nc5 13.Rad1 Be6 14.Bxe6 fxe6 15.e5 d5
16.b3 Qe8 17.Qg4 Nbd7 18.Ne2 Qf7 19.Ng3 Rfe8 20.h4 Qg6 21.Qxg6 hxg6 22.Bg5 Bxg5
23.Nxg5 b5 24.axb5 cxb5 25.Ne2 b4 26.Nd4 a4 27.bxa4 Rxa4 28.f4 Nf8 29.g4 Ra3
30.Kg2 Rc3 31.Ra1 Rc4 32.Red1 b3 33.cxb3 Rxd4 34.Rxd4 Nxb3 35.Rdd1 Nxa1 36.Rxa1 Nh7
37.Nf3  1/2-1/2

[Event "GM1 Valoz Cup"]
[Site "Olomouc CZE"]
[Date "2010.08.06"]
[Round "3"]
[White "Plat,V"]
[Black "Voloshin,L"]
[Result "1/2-1/2"]
[WhiteElo "2405"]
[BlackElo "2453"]

1.e4 d6 2.d4 Nf6 3.Nc3 e5 4.dxe5 dxe5 5.Qxd8+ Kxd8 6.Bc4 Be6 7.Bxe6 fxe6
8.Nf3 Bd6 9.Bg5 Ke7 10.O-O-O Nc6 11.Nb5 h6 12.Bxf6+ gxf6 13.Nxd6 cxd6  1/2-1/2

[Event "Open"]
[Site "Olomouc CZE"]
[Date "2010.08.06"]
[Round "3"]
[White "Castaldo,F"]
[Black "Libov,G"]
[Result "1-0"]
[WhiteElo "2403"]
[BlackElo "2203"]

1.e4 d6 2.d4 Nf6 3.Nc3 Nbd7 4.Be3 e5 5.f3 c6 6.Qd2 Qc7 7.Nge2 b5 8.a3 a6
9.g4 h6 10.Bg2 g6 11.h3 Bg7 12.O-O Nb6 13.b3 Bb7 14.Rad1 h5 15.g5 Nfd7 16.a4 bxa4
17.Nxa4 Nxa4 18.bxa4 a5 19.f4 exf4 20.Rxf4 O-O 21.Rdf1 Nb6 22.c3 Nxa4 23.Qa2 Nb6
24.Rf6 d5 25.e5 Bc8 26.Bc1 Nc4 27.Nf4 Bxf6 28.gxf6 Bf5 29.Qf2 Qd7 30.Qg3 Rfb8
31.Qg5 Qe8 32.Nxh5 Bb1 33.Ng7 Qf8 34.Rf4 Nxe5 35.dxe5 Qc5+ 36.Kh2 Qxc3 37.Qh6  1-0

[Event "Bicentenario GM"]
[Site "Villa Martelli ARG"]
[Date "2010.08.06"]
[Round "3"]
[White "Felgaer,R"]
[Black "Bachmann,Ax"]
[Result "1-0"]
[WhiteElo "2584"]
[BlackElo "2552"]

1.e4 d6 2.d4 Nf6 3.Nc3 e5 4.Nf3 Nbd7 5.Bc4 Be7 6.O-O O-O 7.Re1 a6 8.a4 b6
9.b3 Bb7 10.Bb2 c6 11.Bd3 Re8 12.Ne2 Bf8 13.Ng3 g6 14.c4 Bg7 15.d5 a5 16.Qd2 Nc5
17.dxc6 Bxc6 18.Bc2 Qe7 19.Rad1 Rad8 20.Ba3 Rf8 21.Qe3 Ng4 22.Qe2 Qb7 23.Nd2 Nh6
24.Nb1 f5 25.f3 f4 26.Nh1 g5 27.Nf2 Rf6 28.Nc3 Rg6 29.Nd5 Bf8 30.h3 Rb8 31.Rb1 Qa7
32.Rb2 Ne6 33.b4 Nd4 34.Qd2 Rc8 35.Reb1 Nf7 36.Bd1 h5 37.bxa5 bxa5 38.Rb5 Nxb5
39.cxb5 Bxd5 40.Qxd5 Qb6 41.Bb3 Rf6 42.Rc1 Rxc1+ 43.Bxc1 Be7 44.Kf1 Kg7 45.Bd2 Bd8
46.Nd3 Qa7 47.Be1 Nh6 48.Nb2 g4 49.Nc4 gxh3 50.gxh3 Qd7 51.Ke2 Qxh3 52.Nxd6 Qg2+
53.Bf2 Bb6 54.Qb7+ Nf7 55.Qxb6 Nxd6 56.Qb8 Kh7 57.b6 Qg7 58.Bd5 Qd7 59.Qa7 Qg7
60.Qb8 Qd7 61.Bh4 Rg6 62.Qa7 Rg2+ 63.Bf2 Rg7 64.Qxa5 Qc8 65.Bb3 Nxe4 66.fxe4 Qg4+
67.Ke1 Qf3 68.Bd5 Rg2 69.Qc5 Qd3 70.Qc7+ Kh6 71.Qc6+ Rg6 72.Qc1 Rd6 73.Qd2 Qb1+
74.Qd1 Rxb6 75.Bxb6 Qxb6 76.Kf1 Qe3 77.Qe2 Qh3+ 78.Qg2 Qd3+ 79.Qe2 Qh3+ 80.Qg2 Qd3+
81.Kg1 Qd4+ 82.Kh2 Qxa4 83.Bf7 Qc6 84.Qe2 Qf6 85.Qxh5+ Kg7 86.Bc4 Qd6 87.Qf7+ Kh6
88.Qe6+ Qxe6 89.Bxe6 Kg5 90.Kh3  1-0

[Event "FSGM August"]
[Site "Budapest HUN"]
[Date "2010.08.07"]
[Round "1"]
[White "Kargin,A"]
[Black "Lorscheid,G"]
[Result "1-0"]
[WhiteElo "2396"]
[BlackElo "2345"]

1.e4 d6 2.d4 Nf6 3.Nc3 e5 4.dxe5 dxe5 5.Qxd8+ Kxd8 6.Bg5 Be6 7.O-O-O+ Nd7
8.f4 exf4 9.Nf3 h6 10.Bxf4 Bc5 11.h3 Nh5 12.Bh2 Be3+ 13.Kb1 Bf4 14.g4 Bxh2
15.Rxh2 Nf4 16.Rhd2 Ke7 17.Nd5+ Bxd5 18.exd5 Rhe8 19.Nd4 Nf6 20.d6+ cxd6
21.Nf5+ Kf8 22.Rxd6 Ne4 23.Rd7 Nc5 24.R7d4 Nce6 25.R4d2 g6 26.Nd6 Re7 27.h4 Rd8
28.b4 Nc7 29.c4 b6 30.Kc2 Ne8 31.Rf2 Rxd6 32.Rxf4 Rxd1 33.Kxd1 Re5 34.Kd2 g5
35.hxg5 hxg5 36.Rf2 Nd6 37.Kd3 Ke7 38.Kd4  1-0

[Event "28th WJun Girls"]
[Site "Chotowa POL"]
[Date "2010.08.07"]
[Round "5"]
[White "Lach,A"]
[Black "Unapkoshvili,N"]
[Result "1-0"]
[WhiteElo "2179"]
[BlackElo "1997"]

1.e4 d6 2.d4 Nf6 3.Nc3 e5 4.Nf3 Nbd7 5.Bc4 Be7 6.Be3 O-O 7.Qd2 Ng4 8.O-O exd4
9.Bxd4 c5 10.Be3 Nxe3 11.Qxe3 Nb6 12.Bd5 Bf6 13.Rad1 Qe7 14.Qf4 g5 15.Qg3 Kh8
16.Rfe1 g4 17.e5 gxf3 18.exf6 Qxf6 19.Qxf3 Qg7 20.Qg3 Nxd5 21.Rxd5 Bd7 22.f3 Qxg3
23.hxg3 Rae8 24.Red1 Bc6 25.Rxd6 Re5 26.Kf2 Kg7 27.Ne2 Rfe8 28.Nf4 c4 29.g4 Kf8
30.Rh1 Ra5 31.Rxh7 Ke7 32.Rd2 Rxa2 33.c3 Kf6 34.Nh5+ Ke7 35.Ng7 Rf8 36.Nf5+ Ke8
37.Rh1 f6 38.Rh7  1-0

[Event "19th Open"]
[Site "Kavala GRE"]
[Date "2010.08.07"]
[Round "9"]
[White "Paichadze,L"]
[Black "Zablotsky,S"]
[Result "1-0"]
[WhiteElo "2467"]
[BlackElo "2553"]

1.e4 d6 2.d4 Nf6 3.Nc3 e5 4.Nf3 Nbd7 5.g4 Nxg4 6.Rg1 Ngf6 7.Be3 c6 8.Qd3 g6
9.O-O-O Qe7 10.dxe5 Nxe5 11.Nxe5 dxe5 12.f4 Ng4 13.Bc5 Qf6 14.Bxf8 Kxf8 15.f5 gxf5
16.h3 h5 17.Be2 Rg8 18.Kb1 f4 19.hxg4 hxg4 20.Nb5 g3 21.Nd6 Qe7 22.Nxc8 Rxc8
23.Rh1 Kg7 24.Qf3 Rcd8 25.Rdg1 Rd2 26.Kc1 Rd6 27.Rh5 Rg6 28.Rhh1 Rh8 29.Rxh8 Kxh8
30.Qh5+ Kg8 31.Rh1 Qf6 32.Bf3 Kf8 33.Qh3 Qe6 34.Qh8+ Rg8 35.Qh5 Qe7 36.Qh6+ Ke8
37.Rd1 Qe6 38.Qh7 Qg6 39.Qh4 Kf8 40.Qd8+ Kg7 41.Qc7 Qe6 42.Rd6 Qe8 43.Rd7 Qe6
44.Re7 Qf6 45.Rxe5 Rc8 46.Qxc8 Qxe5 47.Qf5 Qxf5 48.exf5 Kf6 49.Kd2 Kxf5 50.Kd3 Kg5
51.c3 Kf5 52.Ke2 a5 53.Kd2 a4 54.Ke2 Ke5 55.Bg2 Kf5 56.Kf3 f6 57.Ke2 Ke5
58.Bf3 Kf5 59.Kd3 Kg5 60.c4 Kh4 61.Ke2 Kg5 62.c5 Kf5 63.Kd3 Kg5 64.b4 axb3
65.axb3 Kf5 66.b4 Ke5 67.Kc3 Kf5 68.Kd4 Kg5 69.Ke4 Kh4 70.Kxf4 Kh3 71.Kf5  1-0

[Event "GRENKE Rapid WCh"]
[Site "Mainz GER"]
[Date "2010.08.07"]
[Round "1"]
[White "Kasimdzhanov,R"]
[Black "Schubert,Ge"]
[Result "1-0"]
[WhiteElo "2699"]
[BlackElo "2071"]

1.e4 d6 2.d4 Nf6 3.Nc3 c6 4.f4 Nbd7 5.e5 Nd5 6.Nxd5 cxd5 7.Nf3 e6 8.Bd3 dxe5
9.fxe5 Be7 10.O-O f5 11.exf6 Nxf6 12.Ne5 O-O 13.c3 Bd6 14.Bg5 Qc7 15.Qe2 Bxe5
16.dxe5 Ne4 17.Rxf8+ Kxf8 18.Bxe4 dxe4 19.Rf1+ Kg8 20.Qf2 h6 21.Bxh6 Qb6
22.Be3 Qd8 23.h4 Qe8 24.Qg3 Bd7 25.Qg5 Bb5 26.Rf4 Qd8 27.Rxe4 Qd1+ 28.Kh2 Rf8
29.Rg4 Rf7 30.Rd4 Qe2 31.Rd2 Qe1 32.Rd8+ Rf8 33.Rxf8+ Kxf8 34.Bxa7 Bc6 35.h5 Qe2
36.Bc5+ Kf7 37.h6 gxh6 38.Qf6+ Kg8 39.Qg6+ Kh8 40.Qxh6+ Kg8 41.Qxe6+ Kh7
42.Qf5+ Kg7 43.Qg5+ Kh7 44.Bd4 Qe4 45.e6  1-0

[Event "GRENKE Rapid WCh"]
[Site "Mainz GER"]
[Date "2010.08.07"]
[Round "4"]
[White "Polzin,R"]
[Black "Movsesian,S"]
[Result "1/2-1/2"]
[WhiteElo "2494"]
[BlackElo "2723"]

1.e4 d6 2.d4 Nf6 3.Nc3 e5 4.Nf3 Nbd7 5.Bc4 Be7 6.O-O O-O 7.Re1 a6 8.a4 b6
9.h3 Bb7 10.b3 c6 11.d5 h6 12.Ba3 c5 13.Bc1 Nh7 14.Ne2 Ndf6 15.Ng3 Bc8 16.Bd2 Ne8
17.b4 Ng5 18.bxc5 Nxf3+ 19.Qxf3 dxc5 20.Bd3 Bg5 21.Bxg5 hxg5 22.c4 Nd6 23.Qh5 Bd7
24.Reb1 Rb8 25.Rb2 f6 26.Qe2 g6 27.Qe3 Qc7 28.Nf1 Kg7 29.Nd2 Rh8 30.f3 a5
31.Bf1 Nf7 32.Nb1 f5 33.exf5 gxf5 34.Nc3 Qd6 35.Re1 Rh4 36.Qf2 Qf6 37.Rb3 Rd4
38.Reb1 e4 39.fxe4 fxe4 40.Qxf6+ Kxf6 41.Rxb6+ Rxb6 42.Rxb6+ Ke7 43.Ra6 e3
44.Rxa5 Rd2 45.d6+ Nxd6 46.Nd5+ Ke6 47.Nxe3 Ne4 48.Ra6+ Ke5 49.a5 Kd4 50.Nd5 Ra2
51.Ra7 Be6 52.Kh2 Nd2 53.Be2 Nxc4 54.Bxc4 Kxc4 55.Ne3+ Kd3 56.Re7 Bb3 57.Re5 Kd4
58.Rxg5 Kxe3 59.Rxc5 Kd4 60.Rg5 Bd5 61.h4 Rxa5 62.h5 Ra6 63.Rg6 Ra7 64.g4 Be4
65.Rf6 Ke5 66.Rf8 Ra3  1/2-1/2

[Event "IM1 Winsoft Company Cup"]
[Site "Olomouc CZE"]
[Date "2010.08.07"]
[Round "4"]
[White "Dukaczewski,P"]
[Black "Aharon,O"]
[Result "0-1"]
[WhiteElo "2319"]
[BlackElo "2199"]

1.e4 d6 2.d4 Nf6 3.Nc3 Nbd7 4.f4 e5 5.Nf3 exd4 6.Qxd4 c6 7.Be3 d5 8.exd5 Bc5
9.Qd3 Qe7 10.Nd4 Nb6 11.dxc6 bxc6 12.Be2 O-O 13.Bg1 Bb4 14.Nxc6 Bxc3+ 15.bxc3 Qc7
16.O-O-O Qxc6 17.Bf3 Qa4 18.Bxa8 Nc4 19.Bc5 Bf5 20.Bxf8 Qxa2  0-1

[Event "14th HZ Open"]
[Site "Vlissingen NED"]
[Date "2010.08.07"]
[Round "1"]
[White "Leenhouts,K"]
[Black "Van Gemert,R"]
[Result "1-0"]
[WhiteElo "2407"]
[BlackElo "1885"]

1.e4 d6 2.d4 Nf6 3.Nc3 Nbd7 4.Nf3 e5 5.g4 Nxg4 6.Rg1 exd4 7.Nxd4 Nde5 8.h3 Nf6
9.f4 Ng6 10.Be3 c6 11.Qf3 Qe7 12.O-O-O Bd7 13.Nf5 Bxf5 14.exf5 Nh4 15.Qf2 Nxf5
16.Bxa7 O-O-O 17.Re1 Qd7 18.Na4 Nd5 19.c4 c5 20.b3 b5 21.Nb6+ Nxb6 22.Bxb6 Re8
23.cxb5 Be7 24.Qf3 Qb7 25.Qc6+ Qxc6 26.bxc6 Bd8 27.Ba6+ Kb8 28.Bxd8 Rxd8
29.Bd3 Nd4 30.Rxg7 Nxc6 31.Rxf7 Rhf8 32.Bc4 Rxf7 33.Bxf7 Nb4 34.Kd2 Nxa2
35.f5 d5 36.f6 c4 37.Be8 c3+ 38.Kd3 d4 39.f7 Nb4+ 40.Kc4 d3 41.f8=Q Rc8+
42.Kxb4  1-0

[Event "Politiken Cup"]
[Site "Copenhagen DEN"]
[Date "2010.08.08"]
[Round "10"]
[White "Schou Moldt,T"]
[Black "Aabling Thomsen,J"]
[Result "0-1"]
[WhiteElo "2183"]
[BlackElo "2314"]

1.e4 d6 2.d4 Nf6 3.Nc3 Nbd7 4.f4 e5 5.Nf3 exd4 6.Qxd4 c6 7.Qd3 Be7 8.Be3 O-O
9.O-O-O Qa5 10.Kb1 Rd8 11.Be2 b5 12.Nd4 Bb7 13.Nb3 Qc7 14.g4 b4 15.g5 bxc3
16.gxf6 Nxf6 17.Rhg1 c5 18.Bf3 cxb2 19.Qc3 g6 20.Rde1 Bxe4 21.Bd4 Nd5 22.Bxe4 Nxc3+
23.Bxc3 d5 24.Be5 Qb6 25.Bf3 Rac8 26.Bxb2 Bf6 27.Bg4 Bxb2  0-1

[Event "5th FIDE GP w"]
[Site "Ulaanbaatar MGL"]
[Date "2010.08.08"]
[Round "9"]
[White "Kosintseva,T"]
[Black "Koneru,H"]
[Result "1/2-1/2"]
[WhiteElo "2562"]
[BlackElo "2600"]

1.e4 d6 2.d4 Nf6 3.Nc3 e5 4.Nf3 Nbd7 5.g3 Be7 6.Bg2 O-O 7.O-O a6 8.a4 b6
9.Re1 Bb7 10.b3 c6 11.Bb2 Qc7 12.Nb1 b5 13.Nbd2 Rfe8 14.c4 bxa4 15.bxa4 exd4
16.Nxd4 g6 17.Qc2 Rab8 18.Bc3 Bf8 19.f4 Bg7 20.N4f3 Nc5 21.a5 Re7 22.Re2 Rbe8
23.Rae1 Bc8 24.h3 Bf5 25.Nd4 Bd7 26.Kh2 h6 27.N4b3 Nxb3 28.Qxb3 c5 29.e5 dxe5
30.Bxe5 Qxa5 31.Qb2 Nh5 32.Bd5 Bxe5 33.fxe5 Qc7 34.Ne4 Be6 35.Nf6+ Nxf6 36.exf6 Rd7
37.Bxe6 fxe6 38.Rxe6 Rxe6 39.Rxe6 Qd8 40.Re2 Kf7 41.Qe5 Rd6 42.Qxc5 Rd2 43.Rf2 Rxf2+
44.Qxf2 Qxf6 45.Qa7+ Qe7 46.Qxa6 Qe2+ 47.Kg1 Qe1+ 48.Kg2 Qe2+ 49.Kg1  1/2-1/2

[Event "14th HZ Open"]
[Site "Vlissingen NED"]
[Date "2010.08.08"]
[Round "3"]
[White "Hoolt,S"]
[Black "Haslinger,S"]
[Result "0-1"]
[WhiteElo "2245"]
[BlackElo "2552"]

1.e4 d6 2.d4 Nf6 3.Nc3 e5 4.f4 exd4 5.Qxd4 Nc6 6.Bb5 Bd7 7.Qf2 Be7 8.Nf3 O-O
9.O-O a6 10.Bd3 Nb4 11.h3 b5 12.a3 Nxd3 13.cxd3 c6 14.Be3 Qb8 15.b4 a5 16.e5 axb4
17.axb4 Rxa1 18.Rxa1 dxe5 19.fxe5 Bxb4 20.exf6 Bxc3 21.Ra7 Bf5 22.fxg7 Bxg7
23.Bc5 Rc8 24.Ng5 Bg6 25.Nxf7 Rf8 26.Bxf8 Qxf8 27.Rb7 Bxf7 28.Qg3 Qc5+ 29.Kh1 h6
30.h4 Qe5 31.Qg4 Qe6 32.Qg3 Qf6 33.Rc7 b4 34.Rb7 b3 35.d4 Qxd4 36.Qb8+ Bf8
37.Qg3+ Bg7 38.Qb8+ Bf8 39.Qg3+ Qg7 40.Qf2 Qa1+ 41.Kh2 Qe5+ 42.Kh1 Qa1+ 43.Kh2 Bd6+
44.g3 Bd5  0-1

[Event "14th HZ Open"]
[Site "Vlissingen NED"]
[Date "2010.08.08"]
[Round "3"]
[White "Van de Wynkele,E"]
[Black "Van Gemert,R"]
[Result "1-0"]
[WhiteElo "2113"]
[BlackElo "1885"]

1.e4 d6 2.d4 Nf6 3.Nc3 Nbd7 4.Nf3 e5 5.Bc4 Be7 6.O-O O-O 7.h3 c6 8.a4 a5
9.Be3 Qc7 10.Nd2 exd4 11.Bxd4 Ne5 12.Be2 Ng6 13.f4 d5 14.e5 Ne4 15.Ndxe4 dxe4
16.Qe1 f5 17.exf6 Bxf6 18.Bc4+ Kh8 19.Bxf6 Rxf6 20.Qxe4 Bf5 21.Qe3 Bxc2 22.Rf2 Bxa4
23.Rxa4 b5 24.Bxb5 cxb5 25.Nxb5 Qd7 26.Nc3 Rc6 27.Rd4 Rd6 28.Rfd2 Rxd4 29.Rxd4 Qf7
30.Re4 Rf8 31.g3 Qb3 32.Qf2 h6 33.f5 Qf7 34.g4 Ne7 35.Qc5 Ng8 36.Qxa5 h5
37.Nd5 Nf6 38.Re6 hxg4 39.Nxf6 gxf6 40.hxg4 Rg8 41.Kf1 Rxg4 42.Qd8+ Rg8 43.Qxf6+ Qxf6
44.Rxf6 Rb8 45.Rh6+ Kg7 46.Rh2 Kf6 47.Rf2 Rb5 48.Ke1 Rxf5 49.Rxf5+ Kxf5 50.Kd2 Ke5
51.Kc3 Kd6 52.Kb4 Kc6 53.Ka5 Kc5 54.b4+ Kc6 55.Ka6 Kc7 56.b5 Kb8 57.Kb6  1-0

[Event "Open"]
[Site "Arad ROU"]
[Date "2010.08.09"]
[Round "4"]
[White "Vajda,Le"]
[Black "Stanciu,Al"]
[Result "1/2-1/2"]
[WhiteElo "2505"]
[BlackElo "2261"]

1.e4 d6 2.d4 Nf6 3.Nc3 e5 4.Nf3 Nbd7 5.Bc4 Be7 6.O-O O-O 7.Re1 c6 8.a4 a5
9.h3 Nb6 10.Ba2 Nfd7 11.Be3 Qc7 12.Nh2 exd4 13.Bxd4 Nc5 14.Ng4 Be6 15.Ne3 Nbd7
16.Ned5 Bxd5 17.exd5 Bf6 18.Qd2 Rad8 19.Rad1 Qb6 20.Ne2  1/2-1/2